02052cam a22003255a 4500999001700000001000900017005001700026008004100043010001700084020003600101040002800137082001700165100002200182245006200204250001200266260004600278300002600324490002900350504005100379520074500430650004401175650004001219651001001259653002401269655001701293942000801310952013101318952013101449952014601580 c27381d273522067464920190415131348.0180919s2019 enk frb 001 0 eng d a 2018958747 a9780198828549 (pb : alk. paper) aDLCbengcDLCdEG-ScBUE04a126bCOU2221 aCoulmas, Florian.10aIdentity :ba very short introduction /cFlorian Coulmas. a1st ed. aOxford :bOxford University Press,c2019. axiv, 147 p. ;c20 cm.0 aVery short introductions aIncludes bibliographical references and index. aThe term identity is used ubiquitously, but rarely explained. What exactly is identity? Identity: A Very Short Introduction provides a survey of the many faces of the concept of identity, and discusses its significance and varied meanings in the fields of philosophy, sociology, psychology, linguistics, as well as politics and law. Tracing our concern with identity to its deep roots in Europe's intellectual history, individualism, and the felt need to draw borderlines, it identifies the most important features used to mark off individual and collective identities, and demonstrates why they are deemed important. It concludes with a glimpse at the many ways in which literature has engaged with problems of identity throughout history. 7aIdentity (Philosophical concept)2BUEsh 7aIdentity (Psychology)2BUEsh937892 2BUEsh bHHUUEENNcApril2019 vReading book 2ddc 00102ddc40708BaccahaMAINbMAINcLOWd2019-04-15ePurchaseg180.00l0o126 COUp000044574r2025-07-15 00:00:00v225.00yNB 00102ddc40708BaccahaMAINbMAINcLOWd2019-04-15ePurchaseg180.00l0o126 COUp000044575r2025-07-15 00:00:00v225.00yBB 00102ddc40708BaccahaMAINbMAINcLOWd2019-04-15ePurchaseg180.00l1m1o126 COUp000044576r2025-07-15 00:00:00s2019-10-15v225.00yBB